Principios de anatomía y fisiología / (Registro nro. 30923)

Detalles MARC
000 -LEADER
fixed length control field 01842nam a22002657a 4500
003 - CONTROL NUMBER IDENTIFIER
control field CO-CtgCURN
005 - DATE AND TIME OF LATEST TRANSACTION
control field 20260311200136.0
008 - FIXED-LENGTH DATA ELEMENTS--GENERAL INFORMATION
fixed length control field 250424b |||||||| |||| 00| 0 eng d
020 ## - INTERNATIONAL STANDARD BOOK NUMBER
International Standard Book Number 9786077743781
040 ## - CATALOGING SOURCE
Original cataloging agency CO-CtgCURN
Language of cataloging spa
Transcribing agency coctgcurn
082 ## - DEWEY DECIMAL CLASSIFICATION NUMBER
Classification number 611.9
Item number T67p
100 ## - MAIN ENTRY--PERSONAL NAME
Personal name Tortora, Gerard Jerry.
245 ## - TITLE STATEMENT
Title Principios de anatomía y fisiología /
Statement of responsibility, etc. Gerard J. Tortora y Bryan Derrickson.
250 ## - EDITION STATEMENT
Edition statement 13a ed.
260 ## - PUBLICATION, DISTRIBUTION, ETC.
Place of publication, distribution, etc. Buenos Aires :
Name of publisher, distributor, etc. Médica Panamericana,
Date of publication, distribution, etc. 2013.
300 ## - PHYSICAL DESCRIPTION
Extent xxxii; 1222 p :
Other physical details il, color.: il., fot.
500 ## - GENERAL NOTE
General note Contiene apéndice, glosario e índice alfabético de materias.
505 ## - FORMATTED CONTENTS NOTE
Formatted contents note Introducción al cuerpo humano.--El nivel químico de la organización.--El nivel celular de organización.--El nivel tisular de organización.--El sistema tegumentario.--El sistema esquelético : El tejido óseo.--Sistema esquelético el esqueleto axial.--Sistema esquelético: Esqueleto apendicular.--Articulaciones.-- Tejido muscular.--Sistema muscular.--Tejido nervioso.--La médula espinal y los nervios espinales.--El encéfalo y los nervios craneales.--El sistema nervioso autónomo.--Sistemas sensitivo, motor e integrador.--Sentidos especiales.--Sistema endocrino.--Aparato cardiovascular: La sangre.--Aparato cardiovascular: El corazón.--El aparato circulatorio: Vasos sanguíneos y hemodinamia.--El sistema linfático y la inmunidad.--El aparato respiratorio.--El aparato digestivo.--Metabolismo y nutrición.--El aparato urinario.--Homeostasis hidroelectrolítica y del estado ácido-base.--Los aparatos reproductores.--Desarrollo y herencia
590 ## - LOCAL NOTE (RLIN)
Local note Fisiología (Enfermería)
590 ## - LOCAL NOTE (RLIN)
Local note Bioquímica (Odontología)
650 ## - SUBJECT ADDED ENTRY--TOPICAL TERM
Topical term or geographic name entry element Anatomía humana.
650 ## - SUBJECT ADDED ENTRY--TOPICAL TERM
Topical term or geographic name entry element Fisiología humana.
700 ## - ADDED ENTRY--PERSONAL NAME
Personal name Derrickson, Bryan.
942 ## - ADDED ENTRY ELEMENTS (KOHA)
Source of classification or shelving scheme Dewey Decimal Classification
Koha item type Libros
Classification part 611.9
Item part T67p
Suppress in OPAC No
Existencias
Withdrawn status Lost status Source of classification or shelving scheme Damaged status Not for loan Collection Home library Current library Shelving location Date acquired Inventory number Total checkouts Full call number Barcode Date last seen Date last checked out Copy number Price effective from Koha item type Public note
    Dewey Decimal Classification     General Miguel Henríquez Emiliani Miguel Henríquez Emiliani General 04/24/2025 017160 1 611.9 T67p 017160 03/11/2026 03/07/2026 ej.1 04/24/2025 Libros 610-CIENME
    Dewey Decimal Classification     General Miguel Henríquez Emiliani Miguel Henríquez Emiliani General 04/24/2025 017161 1 611.9 T67p 017161 03/04/2026 02/27/2026 ej.2 04/24/2025 Libros 610-CIENME